[Event "3th Serbian Open 2023"]
[Site "Hotel Metropol, Serbia"]
[Date "2023.07.16"]
[Round "1.2"]
[White "Henriquez Villagra, Cristobal"]
[Black "Saravanan, V.."]
[Result "1-0"]
[WhiteElo "2618"]
[BlackElo "2298"]
[PlyCount "83"]
[EventDate "2023.??.??"]

1. e4 c5 2. Nf3 d6 3. Bb5+ Nd7 4. d4 cxd4 5. Qxd4 a6 6. Be2 Ngf6 7. O-O e6 8. c4 Be7 9. Nc3 O-O 10. h3 b6 11. a3 Nc5 12. Nd2 e5 13. Qe3 Nfd7 14. Bg4 Bg5 15. Qe2 Nf6 16. Bxc8 Rxc8 17. Rb1 Qd7 18. b3 Qb7 19. Re1 Rfd8 20. a4 h6 21. g3 Ne6 22. Nf3 Bxc1 23. Rbxc1 a5 24. Kh2 Kf8 25. Qd1 Nc5 26. Qc2 Qc6 27. Re3 Qb7 28. Rce1 Kg8 29. Nh4 Ne6 30. Qd1 Qd7 31. Kg2 Nd4 32. Rd3 Qc6 33. f4 Nd7 34. Nd5 Re8 35. Rxd4 exd4 36. Nf5 Kf8 37. Qxd4 f6 38. Re3 Re6 39. Qd1 Qb7 40. Nd4 Ree8 41. Nb5 Qc6 42. Na7 1-0

[Event "3th Serbian Open 2023"]
[Site "Hotel Metropol, Serbia"]
[Date "2023.07.16"]
[Round "1.3"]
[White "Heinemann, Josefine"]
[Black "Sadhwani, Raunak"]
[Result "0-1"]
[WhiteElo "2297"]
[BlackElo "2608"]
[PlyCount "92"]
[EventDate "2023.??.??"]

1. e4 c5 2. Nf3 e6 3. c3 d5 4. exd5 Qxd5 5. d4 Nf6 6. Na3 a6 7. Nc4 Nbd7 8. Be2 cxd4 9. Nxd4 Be7 10. O-O O-O 11. Bf4 Re8 12. Bg3 Ne4 13. Bf3 Qxc4 14. Bxe4 e5 15. Bd3 Qc7 16. Re1 Bf6 17. Nf5 Nc5 18. Bc2 Bxf5 19. Bxf5 g6 20. Bc2 h5 21. f3 h4 22. Bf2 Kg7 23. Qd5 Ne6 24. Be4 Re7 25. Rad1 h3 26. Qd6 Qa5 27. Qb6 Qxa2 28. Bd5 Qa4 29. Bxe6 Rxe6 30. Qxb7 Rae8 31. b3 Qa2 32. gxh3 e4 33. Rxe4 Rxe4 34. fxe4 Re7 35. Qd5 Bxc3 36. Qc4 Be5 37. Bg3 Bf6 38. h4 a5 39. Rf1 Qb2 40. Rd1 Rb7 41. Rd3 a4 42. bxa4 Qe2 43. Rc3 Rb1+ 44. Rc1 Rxc1+ 45. Qxc1 Bd4+ 46. Kh1 Qf3# 0-1

[Event "3th Serbian Open 2023"]
[Site "Hotel Metropol, Serbia"]
[Date "2023.07.16"]
[Round "1.4"]
[White "Sonis, Francesco"]
[Black "Pajcin, Lav"]
[Result "1/2-1/2"]
[WhiteElo "2568"]
[BlackElo "2296"]
[PlyCount "230"]
[EventDate "2023.??.??"]

1. d4 e6 2. c4 f5 3. a3 Nf6 4. Nf3 d6 5. g3 Be7 6. Bg2 O-O 7. O-O Ne4 8. Qc2 Bf6 9. Nbd2 d5 10. e3 Nd7 11. b3 Ndc5 12. Nb1 b6 13. Bb2 Nb7 14. Rc1 Rf7 15. Ne1 h5 16. Nd3 h4 17. f3 Ned6 18. cxd5 exd5 19. Nf4 Ne8 20. Qc6 hxg3 21. hxg3 Rb8 22. Qxd5 Nbd6 23. Qc6 Bb7 24. Qc2 g5 25. Nd3 g4 26. fxg4 Ne4 27. Nc3 N8d6 28. Nxe4 Nxe4 29. Nf4 Qd7 30. gxf5 Qxf5 31. Ra2 Bg5 32. d5 Re8 33. Bh3 Qh7 34. Be6 Rxe6 35. dxe6 Re7 36. Rd1 Rxe6 37. Qc4 Nc5 38. Rd5 Qb1+ 39. Qc1 Qxc1+ 40. Bxc1 Bxd5 41. Nxd5 Nxb3 42. Rc2 Nxc1 43. Rxc1 Rxe3 44. Rxc7 Rxg3+ 45. Kf2 Rxa3 46. Rb7 Kf8 47. Nc7 Be3+ 48. Ke2 Bg1 49. Kd2 a5 50. Nd5 Rb3 51. Kc2 Rb5 52. Rd7 Bc5 53. Kd3 a4 54. Ra7 a3 55. Kc4 Rb2 56. Nxb6 Bxb6 57. Rxa3 Bd8 58. Rb3 Ra2 59. Kd5 Ke8 60. Rb7 Ra6 61. Ke5 Be7 62. Kd5 Kf7 63. Rb1 Ra5+ 64. Kc6 Rc5+ 65. Kd7 Rc2 66. Rd1 Bf6 67. Rd5 Ra2 68. Rd3 Ra7+ 69. Kd6 Ra8 70. Kd5 Rd8+ 71. Kc4 Rc8+ 72. Kd5 Ke7 73. Re3+ Kd7 74. Ra3 Rc7 75. Ra6 Be7 76. Ra5 Bd6 77. Rb5 Ra7 78. Rb6 Ra5+ 79. Kc4 Kc7 80. Rb5 Ra1 81. Kd5 Rd1+ 82. Ke4 Kc6 83. Rb3 Bc5 84. Rd3 Re1+ 85. Kf3 Bd6 86. Rd2 Kd7 87. Re2 Rf1+ 88. Ke4 Rf4+ 89. Kd5 Rf5+ 90. Kd4 Bc5+ 91. Kc4 Kc6 92. Re6+ Bd6 93. Re4 Ra5 94. Rd4 Be5 95. Re4 Rc5+ 96. Kd3 Kd5 97. Re3 Bd4 98. Rf3 Ra5 99. Rf5+ Be5 100. Rf3 Ra4 101. Ke3 Rc4 102. Ke2 Bf4 103. Kd3 Ra4 104. Kc2 Ke4 105. Rf1 Be5 106. Kb3 Ra8 107. Re1+ Kd5 108. Rh1 Rb8+ 109. Kc2 Kc4 110. Kd2 Bc3+ 111. Ke3 Re8+ 112. Kf3 Kd3 113. Rh3 Bd2 114. Rh7 Rf8+ 115. Kg4 Bc3 1/2-1/2

[Event "3th Serbian Open 2023"]
[Site "Hotel Metropol, Serbia"]
[Date "2023.07.16"]
[Round "1.5"]
[White "Ronka, Erik"]
[Black "Petrov, Nikita"]
[Result "1/2-1/2"]
[WhiteElo "2294"]
[BlackElo "2559"]
[PlyCount "87"]
[EventDate "2023.??.??"]

1. e4 c5 2. Nf3 Nc6 3. d4 cxd4 4. Nxd4 e6 5. Nc3 a6 6. Nxc6 bxc6 7. Bd3 d5 8. O-O Nf6 9. Re1 Be7 10. e5 Nd7 11. Qg4 Kf8 12. b3 Bb7 13. Na4 c5 14. c4 d4 15. Qh5 Kg8 16. Nb2 g6 17. Qh6 Bf8 18. Qh3 h5 19. f4 Be7 20. Bd2 Kg7 21. a3 a5 22. Bc2 Qc7 23. Rf1 Rag8 24. Rae1 Kf8 25. Rf2 Ke8 26. Rfe2 g5 27. Be4 gxf4 28. Bxf4 Rg4 29. Qf3 Bxe4 30. Rxe4 Rhg8 31. R4e2 Bg5 32. Nd3 Bxf4 33. Nxf4 h4 34. Nd5 Qd8 35. Rf2 R8g7 36. Nf6+ Nxf6 37. exf6 R7g5 38. b4 Kf8 39. bxc5 d3 40. Rd1 Rxc4 41. Qe3 Rcxc5 42. Rxd3 Qc7 43. Rf1 Kg8 44. Rfd1 1/2-1/2

[Event "3th Serbian Open 2023"]
[Site "Hotel Metropol, Serbia"]
[Date "2023.07.16"]
[Round "1.6"]
[White "Nenezic, Marko"]
[Black "Cervantes Landeiro, Thalia"]
[Result "1-0"]
[WhiteElo "2514"]
[BlackElo "2291"]
[PlyCount "111"]
[EventDate "2023.??.??"]

1. Nf3 d5 2. g3 g6 3. Bg2 Bg7 4. d4 Nf6 5. O-O O-O 6. a4 c6 7. a5 Ne4 8. c3 Nd7 9. Bf4 f6 10. c4 e5 11. Be3 dxc4 12. dxe5 f5 13. Qd4 Kh8 14. Rd1 Qe7 15. Qxc4 Nxe5 16. Nxe5 Qxe5 17. Bd4 Be6 18. Qc2 Qc7 19. Bxe4 fxe4 20. Qxe4 Bb3 21. Rd2 Rae8 22. Qd3 Qf7 23. Bxg7+ Kxg7 24. f3 Kg8 25. Ra3 Bc4 26. Qc2 Bd5 27. Qd1 Qe7 28. Rc3 Rd8 29. Rcd3 Qc5+ 30. Kg2 Rde8 31. Nc3 Be6 32. Qa4 Qh5 33. h4 g5 34. Rd4 Kh8 35. Re4 c5 36. Rd6 g4 37. f4 Qf7 38. Re5 Bb3 39. Qe4 Bc2 40. Qe3 c4 41. Rxe8 Rxe8 42. Qd4+ Kg8 43. Rd7 Qg6 44. Qxc4+ Kh8 45. Qd4+ Kg8 46. Kf2 Bb3 47. Rxb7 Bf7 48. Rd7 Qc6 49. Rd8 Rxd8 50. Qxd8+ Kg7 51. Qd4+ Kg8 52. Ne4 Bg6 53. Qd5+ Qxd5 54. Nf6+ Kf7 55. Nxd5 Ke6 56. Nc3 1-0

[Event "3th Serbian Open 2023"]
[Site "Hotel Metropol, Serbia"]
[Date "2023.07.16"]
[Round "1.7"]
[White "Yordanov, Lachezar"]
[Black "Subelj, Jan"]
[Result "1-0"]
[WhiteElo "2288"]
[BlackElo "2513"]
[PlyCount "89"]
[EventDate "2023.??.??"]

1. d4 d5 2. Nf3 Nf6 3. Bf4 c5 4. e3 Nc6 5. Nbd2 Bg4 6. c3 e6 7. Bd3 Bd6 8. dxc5 Bxc5 9. Qb3 Qe7 10. Ne5 Nxe5 11. Bxe5 O-O 12. h3 Bh5 13. Qc2 Bg6 14. Bxg6 hxg6 15. O-O Rac8 16. Rad1 Rfd8 17. Rfe1 b5 18. a3 a5 19. Qd3 b4 20. cxb4 axb4 21. a4 Nd7 22. Bg3 Ba7 23. Nb3 Nb6 24. Qa6 Nc4 25. Na5 Nxb2 26. Rb1 Nxa4 27. Nc6 Rxc6 28. Qxc6 Nc3 29. Ra1 Bb8 30. Bxb8 Rxb8 31. Ra8 Rxa8 32. Qxa8+ Kh7 33. Qb8 Qc5 34. Kh2 d4 35. exd4 Qxd4 36. Re3 e5 37. Rxe5 Qf4+ 38. Kg1 Ne2+ 39. Kf1 Ng3+ 40. Kg1 Qc1+ 41. Kh2 Nf1+ 42. Kg1 b3 43. Re8 g5 44. Rh8+ Kg6 45. Qd6+ 1-0

[Event "3th Serbian Open 2023"]
[Site "Hotel Metropol, Serbia"]
[Date "2023.07.16"]
[Round "1.8"]
[White "Pranesh, M."]
[Black "Pavlov, Mark"]
[Result "1-0"]
[WhiteElo "2507"]
[BlackElo "2286"]
[PlyCount "57"]
[EventDate "2023.??.??"]

1. e4 e6 2. d4 d5 3. Nc3 Nf6 4. e5 Nfd7 5. f4 c5 6. Nf3 Nc6 7. Be3 Be7 8. Qd2 O-O 9. Ne2 f5 10. c3 cxd4 11. cxd4 Nb6 12. Nc3 Nc4 13. Bxc4 dxc4 14. d5 exd5 15. Qxd5+ Qxd5 16. Nxd5 Bd8 17. O-O-O Be6 18. Bc5 Rf7 19. Nc3 h6 20. Nd4 Nxd4 21. Rxd4 Rd7 22. Rhd1 Rxd4 23. Rxd4 a6 24. Na4 b5 25. Nb6 Rb8 26. Nd7 Rb7 27. Nf8 Ba5 28. Nxe6 Kf7 29. Nd8+ 1-0

[Event "3th Serbian Open 2023"]
[Site "Hotel Metropol, Serbia"]
[Date "2023.07.16"]
[Round "1.9"]
[White "Andersen, Gunnar"]
[Black "Avila Pavas, Santiago"]
[Result "0-1"]
[WhiteElo "2279"]
[BlackElo "2499"]
[PlyCount "72"]
[EventDate "2023.??.??"]

1. e4 c5 2. Nf3 d6 3. d4 cxd4 4. Nxd4 Nf6 5. Nc3 g6 6. Be3 Nc6 7. f3 h5 8. Bc4 Bd7 9. Bb3 Bg7 10. Qd2 Na5 11. O-O-O Rb8 12. Nde2 b5 13. Bxa7 Ra8 14. Qe3 b4 15. Nd5 Nxb3+ 16. axb3 Nxd5 17. Rxd5 Bc6 18. Bb6 Qc8 19. Ra5 Bh6 20. f4 Rxa5 21. Bxa5 Qa6 22. Qb6 Qxb6 23. Bxb6 Bxe4 24. Rg1 Kd7 25. Be3 Rc8 26. c4 d5 27. Ng3 Bd3 28. c5 d4 29. Kd2 dxe3+ 30. Kxd3 Bxf4 31. Kc4 Bd6 32. Ne4 f5 33. Kxb4 fxe4 34. cxd6 exd6 35. Re1 d5 36. Rxe3 Ke6 0-1

[Event "3th Serbian Open 2023"]
[Site "Hotel Metropol, Serbia"]
[Date "2023.07.16"]
[Round "1.10"]
[White "Parkhov, Yair"]
[Black "Carnic, Srdjan"]
[Result "1-0"]
[WhiteElo "2484"]
[BlackElo "2277"]
[PlyCount "73"]
[EventDate "2023.??.??"]

1. d4 d5 2. c4 c6 3. Nf3 Nf6 4. e3 e6 5. b3 Nbd7 6. Bb2 Bb4+ 7. Nbd2 Ne4 8. a3 Bd6 9. Be2 f5 10. Ne5 Qf6 11. Ndf3 Ng5 12. Nxg5 Qxg5 13. O-O O-O 14. b4 Bxe5 15. dxe5 dxc4 16. Bxc4 Nb6 17. Bd3 Bd7 18. f4 Qe7 19. Bd4 Rfd8 20. Bc5 Qf7 21. Qc2 Nd5 22. e4 fxe4 23. Bxe4 g6 24. Rf3 b6 25. Bd6 a5 26. Raf1 axb4 27. axb4 Be8 28. Qf2 Qg7 29. h4 Ra7 30. h5 gxh5 31. f5 exf5 32. Bxf5 Bg6 33. Be6+ Kh8 34. Rf8+ Rxf8 35. Bxf8 Qxe5 36. Bh6 Bf5 37. Qxf5 1-0

[Event "3th Serbian Open 2023"]
[Site "Hotel Metropol, Serbia"]
[Date "2023.07.16"]
[Round "1.11"]
[White "Herrera, Juan Sebastian"]
[Black "Maksimovic, Bojan"]
[Result "0-1"]
[WhiteElo "2277"]
[BlackElo "2482"]
[PlyCount "76"]
[EventDate "2023.??.??"]

1. d4 f5 2. Nc3 Nf6 3. Bg5 d5 4. Bxf6 exf6 5. e3 Be6 6. Bd3 Qd7 7. Qf3 Nc6 8. Nge2 O-O-O 9. Nf4 Bf7 10. Bb5 Qd6 11. h3 Ne7 12. O-O-O Kb8 13. Kb1 h5 14. Ba4 h4 15. Qe2 c6 16. Bb3 g5 17. Nd3 Nc8 18. Na4 Qc7 19. Ndc5 Nd6 20. f3 Re8 21. Qf2 Bg7 22. Rhe1 Ka8 23. Nc3 b6 24. Na6 Qb7 25. Nb4 a5 26. Nd3 Bg6 27. g4 hxg3 28. Qxg3 Qb8 29. Qg2 Re7 30. f4 Bh5 31. Rd2 Ne4 32. Nxe4 fxe4 33. Nf2 gxf4 34. c4 fxe3 35. Rxe3 Bh6 36. Rdd3 Rg7 37. Rg3 Rhg8 38. Nxe4 dxe4 0-1

[Event "3th Serbian Open 2023"]
[Site "Hotel Metropol, Serbia"]
[Date "2023.07.16"]
[Round "1.12"]
[White "Cardoso Cardoso, Jose Gabriel"]
[Black "Averin, Nikolay"]
[Result "1/2-1/2"]
[WhiteElo "2480"]
[BlackElo "2276"]
[PlyCount "92"]
[EventDate "2023.??.??"]

1. e4 c5 2. Nf3 d6 3. d4 cxd4 4. Nxd4 Nf6 5. Nc3 a6 6. Bg5 Nbd7 7. Bc4 Qb6 8. Bb3 e6 9. Qd2 Be7 10. O-O-O Nc5 11. Rhe1 Qc7 12. f4 h6 13. e5 dxe5 14. fxe5 hxg5 15. exf6 Bxf6 16. Nd5 Qd8 17. Bc4 O-O 18. Nxf6+ Qxf6 19. Qa5 b5 20. Bxb5 Nb7 21. Qa3 Qf4+ 22. Kb1 Qd6 23. Qxd6 Nxd6 24. Bc6 Rb8 25. Nxe6 Bxe6 26. Rxd6 Rfd8 27. Rxd8+ Rxd8 28. a4 Kf8 29. Kc1 g4 30. b4 Ke7 31. b5 axb5 32. axb5 Rh8 33. Rd1 Rxh2 34. b6 Rh8 35. b7 Rb8 36. Kb2 Bc8 37. c4 Rxb7+ 38. Bxb7 Bxb7 39. g3 f5 40. Ra1 Kf6 41. Ra7 Bf3 42. Ra6+ Ke5 43. Ra5+ Kd4 44. c5 g5 45. c6 Bxc6 46. Rxf5 Bf3 1/2-1/2

[Event "3th Serbian Open 2023"]
[Site "Hotel Metropol, Serbia"]
[Date "2023.07.16"]
[Round "1.13"]
[White "Gregoric, Andraz"]
[Black "Bryakin, Mikhail"]
[Result "0-1"]
[WhiteElo "2276"]
[BlackElo "2454"]
[PlyCount "50"]
[EventDate "2023.??.??"]

1. e4 c5 2. Nf3 Nf6 3. Nc3 d5 4. exd5 Nxd5 5. Nxd5 Qxd5 6. b3 Nc6 7. Bc4 Qe4+ 8. Qe2 Qxe2+ 9. Bxe2 e5 10. Bb2 f6 11. O-O-O Be6 12. Bb5 Rc8 13. Rhe1 a6 14. Bf1 Kf7 15. Kb1 Be7 16. c3 Rhd8 17. d3 b5 18. h3 h5 19. h4 Rc7 20. Ka1 Rcd7 21. Re4 Bf5 22. Re3 e4 23. Ne1 exd3 24. f4 c4 25. b4 d2 0-1

[Event "3th Serbian Open 2023"]
[Site "Hotel Metropol, Serbia"]
[Date "2023.07.16"]
[Round "1.14"]
[White "Bronstein, Or"]
[Black "Ivanov, Mikhail M"]
[Result "1-0"]
[WhiteElo "2448"]
[BlackElo "2275"]
[PlyCount "83"]
[EventDate "2023.??.??"]

1. d4 d5 2. c4 dxc4 3. Nf3 Nf6 4. e3 Bg4 5. Bxc4 e6 6. h3 Bh5 7. Nc3 a6 8. O-O Nc6 9. Re1 Bd6 10. g4 Bg6 11. e4 Be7 12. a3 O-O 13. Bf4 Rc8 14. Bg3 b5 15. Bf1 h5 16. d5 hxg4 17. hxg4 exd5 18. exd5 Na5 19. b4 Nc4 20. Bxc4 bxc4 21. Ne5 Bd6 22. Nc6 Qd7 23. Bxd6 cxd6 24. Ne7+ Kh8 25. Nxc8 Rxc8 26. f3 Qa7+ 27. Kg2 Bd3 28. Rh1+ Kg8 29. Qg1 Qd7 30. Qh2 Kf8 31. Rae1 Ng8 32. Qf4 Rd8 33. Ne4 Bxe4 34. Qxe4 c3 35. Re3 Rc8 36. Qc2 Qb5 37. Rxc3 Re8 38. Rc8 g6 39. Re1 Rxc8 40. Qxc8+ Kg7 41. Qc3+ Kf8 42. Qc6 1-0

[Event "3th Serbian Open 2023"]
[Site "Hotel Metropol, Serbia"]
[Date "2023.07.16"]
[Round "1.15"]
[White "Avinash, Ramesh"]
[Black "Ajay, Karthikeyan"]
[Result "1/2-1/2"]
[WhiteElo "2271"]
[BlackElo "2441"]
[PlyCount "79"]
[EventDate "2023.??.??"]

1. e4 c5 2. Nf3 d6 3. d4 Nf6 4. Nc3 cxd4 5. Nxd4 a6 6. Qd3 Nbd7 7. Nb3 g6 8. Be3 Bg7 9. f3 b5 10. Qd2 Bb7 11. O-O-O Rc8 12. Kb1 Qc7 13. a3 h5 14. h4 Ne5 15. Qd4 O-O 16. Qb6 Nfd7 17. Qxc7 Rxc7 18. a4 bxa4 19. Nxa4 Rb8 20. Nc3 Nf6 21. Ba7 Ra8 22. Bb6 Rcc8 23. Bd4 Ned7 24. Na5 Bc6 25. Bc4 Kf8 26. Nxc6 Rxc6 27. Bb3 Rb8 28. Rhe1 Bh6 29. Nd5 Nxd5 30. Bxd5 Rc7 31. Rd3 Bg7 32. Bxg7+ Kxg7 33. Rb3 Rxb3 34. Bxb3 Rb7 35. Bc4 a5 36. c3 Kf6 37. Kc2 a4 38. Bd5 Rb6 39. Bc4 e6 40. Rd1 1/2-1/2

[Event "3th Serbian Open 2023"]
[Site "Hotel Metropol, Serbia"]
[Date "2023.07.16"]
[Round "1.16"]
[White "Radovanovic, Nikola"]
[Black "Babakekhyan, Artem"]
[Result "1/2-1/2"]
[WhiteElo "2439"]
[BlackElo "2264"]
[PlyCount "96"]
[EventDate "2023.??.??"]

1. e4 c6 2. d4 d5 3. e5 Bf5 4. h4 h5 5. Bd3 Bxd3 6. Qxd3 Qa5+ 7. Nd2 e6 8. Ngf3 Nh6 9. O-O Nf5 10. Nb3 Qa6 11. Qd1 Nd7 12. Bg5 c5 13. c3 Rc8 14. Qd2 Be7 15. Bxe7 Nxe7 16. Nxc5 Nxc5 17. dxc5 Rxc5 18. Qg5 Qd3 19. Qxg7 Rg8 20. Qf6 Rc4 21. Ng5 Qg6 22. g3 Qxf6 23. exf6 Nf5 24. Rad1 Rg6 25. Kg2 Rxf6 26. Rfe1 Ne7 27. Rd3 Ra4 28. a3 Rf5 29. f4 Nc6 30. Nf3 Kd7 31. Nd2 Kc7 32. Nf3 Kb6 33. Nd4 Rf6 34. Nxc6 bxc6 35. Re5 Rg6 36. Rg5 Kc5 37. Kh3 Rxg5 38. fxg5 Kd6 39. Rd4 Rxd4 40. cxd4 c5 41. dxc5+ Kxc5 42. g4 d4 43. gxh5 d3 44. h6 d2 45. h7 d1=Q 46. h8=Q Qf3+ 47. Kh2 Qf2+ 48. Kh3 Qf3+ 1/2-1/2

[Event "3th Serbian Open 2023"]
[Site "Hotel Metropol, Serbia"]
[Date "2023.07.16"]
[Round "1.17"]
[White "Toncheva, Nadya"]
[Black "Atalik, Suat"]
[Result "1/2-1/2"]
[WhiteElo "2263"]
[BlackElo "2438"]
[PlyCount "83"]
[EventDate "2023.??.??"]

1. d4 d5 2. c4 e6 3. Nc3 c6 4. e3 Nf6 5. Nf3 Be7 6. Bd3 dxc4 7. Bxc4 b5 8. Bd3 b4 9. Ne4 Nbd7 10. O-O Bb7 11. a3 bxa3 12. b3 c5 13. Nxc5 Nxc5 14. dxc5 Bxc5 15. b4 Bd6 16. Qa4+ Kf8 17. Bxa3 Bxf3 18. gxf3 Be5 19. b5+ Kg8 20. Rad1 Nd5 21. f4 Bf6 22. Be4 g6 23. Bg2 Qc8 24. Qa6 Kg7 25. Bxd5 exd5 26. Qxc8 Rhxc8 27. Rxd5 Rc2 28. Rfd1 Ra2 29. Bc5 Rb8 30. Rb1 Rb7 31. Kg2 Be7 32. Bd4+ Bf6 33. Bxf6+ Kxf6 34. Rc1 Kg7 35. f5 Rb6 36. Rc7 Rf6 37. e4 Ra4 38. Kf3 a6 39. bxa6 Raxa6 40. h4 gxf5 41. Rxf5 Rxf5+ 42. exf5 1/2-1/2

[Event "3th Serbian Open 2023"]
[Site "Hotel Metropol, Serbia"]
[Date "2023.07.16"]
[Round "1.18"]
[White "Seemann, Jakub"]
[Black "Kupervaser, Erez"]
[Result "1-0"]
[WhiteElo "2430"]
[BlackElo "2262"]
[PlyCount "95"]
[EventDate "2023.??.??"]

1. e4 c5 2. Nf3 Nc6 3. Bb5 g6 4. O-O Bg7 5. c3 Nf6 6. Re1 O-O 7. d4 d5 8. e5 Ne4 9. Bxc6 bxc6 10. Be3 c4 11. b3 cxb3 12. axb3 f6 13. Qc1 Bg4 14. exf6 exf6 15. Nfd2 Nd6 16. Ra6 Qd7 17. Qa3 Nf5 18. Qa4 Nxe3 19. fxe3 Rfc8 20. c4 Rc7 21. Nc3 dxc4 22. Nxc4 Re8 23. Qa5 Be6 24. Nd2 f5 25. Nf3 Bxb3 26. Qa3 Bf7 27. Qc5 Bd5 28. Nxd5 cxd5 29. Qa5 Rb7 30. h3 Re7 31. Qa2 Kh8 32. Ra5 Rb5 33. Rxb5 Qxb5 34. Rb1 Qd7 35. Rb8+ Re8 36. Qb3 h6 37. Rb5 Qe6 38. Kf2 Rd8 39. Ra5 Qb6 40. Qa2 Rd7 41. Ra6 Qb4 42. Rxg6 Qc3 43. Re6 a5 44. Re8+ Kh7 45. Qb1 Rf7 46. Ra8 Qb4 47. Qa2 Rb7 48. Qxd5 1-0

[Event "3th Serbian Open 2023"]
[Site "Hotel Metropol, Serbia"]
[Date "2023.07.16"]
[Round "1.19"]
[White "Hilverda, Alexander"]
[Black "Neelash, Saha"]
[Result "0-1"]
[WhiteElo "2256"]
[BlackElo "2429"]
[PlyCount "80"]
[EventDate "2023.??.??"]

1. d4 Nf6 2. c4 e6 3. g3 c5 4. d5 exd5 5. cxd5 d6 6. Nc3 g6 7. Nf3 Bg7 8. Bg2 O-O 9. O-O Re8 10. Bf4 h6 11. Re1 g5 12. Bc1 Bg4 13. Nd2 Qd7 14. Qb3 Na6 15. a3 Rab8 16. Qb5 Qd8 17. Nc4 Nc7 18. Qb3 b5 19. Na5 Bd7 20. Bd2 Ng4 21. Rad1 Qf6 22. Rf1 Qg6 23. Nc6 Rb6 24. h3 Ne5 25. Nxe5 Bxe5 26. e4 Qh5 27. Kh2 b4 28. axb4 Rxb4 29. Qc2 Bg7 30. f3 Nb5 31. Bc1 Nd4 32. Qf2 Reb8 33. f4 Nb3 34. Be3 Na5 35. e5 Rxb2 36. Rb1 Nc4 37. e6 Be8 38. g4 Qg6 39. Ne4 Rxf2 40. Bxf2 Rxb1 0-1

[Event "3th Serbian Open 2023"]
[Site "Hotel Metropol, Serbia"]
[Date "2023.07.16"]
[Round "1.20"]
[White "Urazayev, Arystanbek"]
[Black "Gagic, Milan A"]
[Result "1/2-1/2"]
[WhiteElo "2427"]
[BlackElo "2254"]
[PlyCount "160"]
[EventDate "2023.??.??"]

1. e4 d5 2. exd5 Nf6 3. Nf3 Nxd5 4. d4 g6 5. c4 Nb6 6. Nc3 Bg7 7. c5 Nd5 8. Bc4 c6 9. Qb3 O-O 10. O-O Nxc3 11. bxc3 b5 12. cxb6 axb6 13. Ng5 e6 14. Ne4 Ba6 15. Bxa6 Rxa6 16. Re1 Qd5 17. Bb2 b5 18. Ba3 Rd8 19. Be7 Rc8 20. Bf6 Nd7 21. Bxg7 Kxg7 22. Qb4 Nf6 23. Nc5 Ra7 24. a4 Nd7 25. Nxd7 Qxd7 26. a5 Qc7 27. Ra3 h5 28. c4 bxc4 29. a6 Rca8 30. Qxc4 Qb6 31. Rea1 Qb5 32. Qc5 Rb8 33. h4 Qxc5 34. dxc5 Rb5 35. Rc1 Kf6 36. Kf1 Ke5 37. Ke2 Kd4 38. Ra2 Ke4 39. g3 Rb3 40. Rcc2 Kd4 41. Ra5 Kd5 42. Ra1 Kd4 43. Ra4+ Kd5 44. Kd2 Rb5 45. Ra3 Rb4 46. Rcc3 Rd4+ 47. Ke3 Re4+ 48. Kd3 Rd4+ 49. Ke3 Rc4 50. Rcb3 Kxc5 51. Rb8 Kd6 52. Rd8+ Ke5 53. Rb8 Kf5 54. Kd3 Rc1 55. Kd2 Rc4 56. Rb7 Rxb7 57. axb7 Rb4 58. Rf3+ Ke5 59. Rxf7 Kd6 60. Rg7 Rb5 61. f3 Rd5+ 62. Ke3 Re5+ 63. Kf2 Rb5 64. g4 c5 65. Ke3 Rb4 66. Rxg6 Rxb7 67. gxh5 Rh7 68. Rg5 Rh8 69. Kd3 Rh7 70. Ke4 Rh8 71. f4 Rh7 72. f5 Ke7 73. fxe6 Kxe6 74. Rxc5 Ra7 75. Kf4 Kf6 76. Rg5 Ra4+ 77. Kg3 Ra3+ 78. Kh2 Ra2+ 79. Rg2 Rxg2+ 80. Kxg2 Ke5 1/2-1/2

[Event "3th Serbian Open 2023"]
[Site "Hotel Metropol, Serbia"]
[Date "2023.07.16"]
[Round "1.21"]
[White "Ivanovic, Marko"]
[Black "Damljanovic, Branko"]
[Result "1/2-1/2"]
[WhiteElo "2254"]
[BlackElo "2422"]
[PlyCount "81"]
[EventDate "2023.??.??"]

1. e4 c5 2. Nc3 e6 3. Nf3 Nc6 4. d4 cxd4 5. Nxd4 Qc7 6. Be2 Nf6 7. O-O Be7 8. Be3 d6 9. f4 Bd7 10. Qe1 a6 11. Qg3 h5 12. Rad1 Kf8 13. h3 h4 14. Qf2 b5 15. a3 Rc8 16. Nf3 Be8 17. Nxh4 b4 18. axb4 Nxb4 19. Bd3 Nxd3 20. cxd3 Nxe4 21. Ng6+ fxg6 22. dxe4 Kg8 23. f5 Qd7 24. fxe6 Qxe6 25. Qg3 Bc6 26. Rf4 Rh5 27. Rg4 Kh7 28. Ne2 Bxe4 29. Nf4 Qb3 30. Re1 Re5 31. Nxg6 Bxg6 32. Rxg6 Bf8 33. Rg5 Rce8 34. Rxe5 Rxe5 35. Qh4+ Kg8 36. Bd4 Rxe1+ 37. Qxe1 a5 38. Kh2 a4 39. Qe8 Qc4 40. Qe3 Qd5 41. Bc3 1/2-1/2

[Event "3th Serbian Open 2023"]
[Site "Hotel Metropol, Serbia"]
[Date "2023.07.16"]
[Round "1.22"]
[White "Mitsis, Georgios"]
[Black "Mitev, Valentin"]
[Result "1-0"]
[WhiteElo "2412"]
[BlackElo "2252"]
[PlyCount "87"]
[EventDate "2023.??.??"]

1. d4 d5 2. Nf3 Nf6 3. c4 dxc4 4. e3 e6 5. Bxc4 c5 6. O-O a6 7. b3 Nc6 8. Bb2 Be7 9. Be2 O-O 10. Nbd2 cxd4 11. Nxd4 Bd7 12. Bf3 Rc8 13. Rc1 Nxd4 14. Bxd4 Nd5 15. Bxd5 exd5 16. Rxc8 Qxc8 17. Qa1 Qc2 18. Nf3 f6 19. Rc1 Qg6 20. Rc7 Bg4 21. Nh4 Qh5 22. Rxe7 Qxh4 23. h3 Bf5 24. Qc1 Qg5 25. Kh2 h5 26. Rxb7 h4 27. Qc6 Be4 28. Qe6+ Kh8 29. Qg4 Qxg4 30. hxg4 Rc8 31. f3 Bd3 32. g5 Rc6 33. Kh3 Kg8 34. gxf6 gxf6 35. Kxh4 f5 36. Kg5 Rc2 37. Kf6 Rc6+ 38. Ke7 Kh7 39. Kf7 Kh6 40. Be5 Kh5 41. Rb8 Rh6 42. Bf4 Rh7+ 43. Kf6 Kh4 44. Rg8 1-0

[Event "3th Serbian Open 2023"]
[Site "Hotel Metropol, Serbia"]
[Date "2023.07.16"]
[Round "1.23"]
[White "Aswath, S."]
[Black "Tsvetkov, Andrey"]
[Result "0-1"]
[WhiteElo "2251"]
[BlackElo "2412"]
[PlyCount "102"]
[EventDate "2023.??.??"]

1. e4 e5 2. Nf3 Nc6 3. Bc4 Bc5 4. c3 Nf6 5. d3 d6 6. Nbd2 h6 7. h3 a6 8. b4 Bb6 9. Nf1 d5 10. exd5 Nxd5 11. Bd2 O-O 12. Ng3 Be6 13. O-O Qd7 14. a4 f6 15. Nh4 Nce7 16. Qf3 Rad8 17. Nh5 g5 18. Bxd5 Nxd5 19. a5 Ba7 20. Ng6 Rf7 21. c4 Nf4 22. Ngxf4 gxf4 23. Qxb7 c6 24. Qxd7 Rdxd7 25. Ra3 Bxc4 26. Bxf4 Rxd3 27. Rxd3 Bxd3 28. Rd1 Bg6 29. Rd8+ Kh7 30. Nxf6+ Rxf6 31. Bxe5 Bxf2+ 32. Kf1 Bd4+ 33. Bxf6 Bxf6 34. Rd7+ Bg7 35. Ke2 Bc2 36. Ke3 Ba4 37. Kf4 Kg6 38. Rd6+ Kf7 39. Rd7+ Kf6 40. g4 Bf8 41. Rd4 Ke6 42. g5 Bd6+ 43. Kg4 Ke5 44. Rc4 Bb5 45. Rc2 hxg5 46. Kxg5 Bxb4 47. h4 c5 48. h5 Bd3 49. Rh2 c4 50. h6 c3 51. h7 Bxh7 0-1

[Event "3th Serbian Open 2023"]
[Site "Hotel Metropol, Serbia"]
[Date "2023.07.16"]
[Round "1.24"]
[White "Wen, Tommy"]
[Black "Li, Xueyi"]
[Result "0-1"]
[WhiteElo "2406"]
[BlackElo "2248"]
[PlyCount "90"]
[EventDate "2023.??.??"]

1. e4 c6 2. d4 d5 3. e5 Bf5 4. h4 h5 5. Bd3 Bxd3 6. Qxd3 e6 7. Bg5 Be7 8. Nf3 Nh6 9. Bxh6 Rxh6 10. Nbd2 Nd7 11. Nb3 Rg6 12. g3 Qc7 13. O-O Nf8 14. Nc1 Qd8 15. Ne2 Rh6 16. Qe3 Nh7 17. Kg2 Qc7 18. c4 dxc4 19. Rfc1 Qd8 20. Nc3 Rg6 21. Kh2 Rg4 22. Ne4 g5 23. hxg5 Nxg5 24. Nfxg5 Bxg5 25. f4 Be7 26. Rxc4 Qd5 27. Rc5 Qd7 28. Nf6+ Bxf6 29. exf6 h4 30. gxh4 O-O-O 31. h5 Rdg8 32. Rg5 R8xg5 33. fxg5 Qd5 34. Rg1 Rh4+ 35. Kg3 Rxd4 36. Kf2 Qf5+ 37. Kg2 Rg4+ 38. Kh2 Rh4+ 39. Kg2 Rxh5 40. g6 Qxg6+ 41. Kf1 Qxf6+ 42. Kg2 Rg5+ 43. Kh2 Qh6+ 44. Qh3 Qxh3+ 45. Kxh3 Rxg1 0-1

[Event "3th Serbian Open 2023"]
[Site "Hotel Metropol, Serbia"]
[Date "2023.07.16"]
[Round "1.25"]
[White "Tulchynskyi, Feliks"]
[Black "Perunovic, Miodrag"]
[Result "1/2-1/2"]
[WhiteElo "2248"]
[BlackElo "2405"]
[PlyCount "88"]
[EventDate "2023.??.??"]

1. d4 Nf6 2. c4 g6 3. Nc3 Bg7 4. e4 d6 5. h3 O-O 6. Be3 e5 7. d5 Na6 8. g4 Nc5 9. f3 a5 10. Qd2 c6 11. Nge2 cxd5 12. cxd5 Bd7 13. Ng3 h5 14. Bb5 h4 15. Nge2 Ne8 16. Bxd7 Qxd7 17. Bg5 f5 18. O-O b5 19. exf5 gxf5 20. Bxh4 b4 21. Nd1 Nc7 22. Ng3 fxg4 23. hxg4 Rf4 24. Nh5 Rd4 25. Qg5 Nxd5 26. Ne3 Rf8 27. Nxd5 Rxd5 28. Rad1 Rxd1 29. Rxd1 Ne6 30. Qg6 Qa7+ 31. Kh1 Nf4 32. Nxf4 Rxf4 33. Rxd6 Rxf3 34. Rd8+ Rf8 35. Qe6+ Kh7 36. Rxf8 Bxf8 37. Qxe5 Qb7+ 38. Kh2 Qc6 39. Qf5+ Kg8 40. Qd3 a4 41. Bg3 Qh6+ 42. Kg2 Qc6+ 43. Kh2 Qh6+ 44. Kg2 Qc6+ 1/2-1/2